<?xml version="1.0" encoding="UTF-8"?>
<record
    xmlns:xsi="http://www.w3.org/2001/XMLSchema-instance"
    xsi:schemaLocation="http://www.loc.gov/MARC21/slim http://www.loc.gov/standards/marcxml/schema/MARC21slim.xsd"
    xmlns="http://www.loc.gov/MARC21/slim">

  <leader>00483nam a22001577a 4500</leader>
  <controlfield tag="003">OSt</controlfield>
  <controlfield tag="005">20150909163704.0</controlfield>
  <controlfield tag="008">150909b        xxu||||| |||| 00| 0 eng d</controlfield>
  <datafield tag="040" ind1=" " ind2=" ">
    <subfield code="c">RUA</subfield>
  </datafield>
  <datafield tag="082" ind1=" " ind2=" ">
    <subfield code="a">AGR &#x179F;&#x17C6; 1994 B009 Or.1</subfield>
  </datafield>
  <datafield tag="100" ind1=" " ind2=" ">
    <subfield code="9">198</subfield>
    <subfield code="a">&#x179F;&#x17C6; &#x179F;&#x17CA;&#x17B8;&#x179F;&#x178F;&#x17D2;&#x1790;&#x17B6;</subfield>
  </datafield>
  <datafield tag="245" ind1=" " ind2=" ">
    <subfield code="a">&#x1780;&#x17B6;&#x179A;&#x1794;&#x17D2;&#x179A;&#x17BE;&#x1794;&#x17D2;&#x179A;&#x17B6;&#x179F;&#x17CB;&#x1790;&#x17D2;&#x1793;&#x17B6;&#x17C6;&#x179A;&#x17C6;&#x1789;&#x17C4;&#x1785;&#x179B;&#x17BE;&#x178A;&#x17C6;&#x178E;&#x17B6;&#x17C6;&#x1780;&#x17C5;&#x179F;&#x17CA;&#x17BC;</subfield>
  </datafield>
  <datafield tag="260" ind1=" " ind2=" ">
    <subfield code="a">Phnom Penh</subfield>
    <subfield code="b">RUA</subfield>
    <subfield code="c">1994</subfield>
  </datafield>
  <datafield tag="300" ind1=" " ind2=" ">
    <subfield code="a">65p.</subfield>
    <subfield code="b">ill.</subfield>
    <subfield code="c">29cm.</subfield>
  </datafield>
  <datafield tag="942" ind1=" " ind2=" ">
    <subfield code="2">ddc</subfield>
    <subfield code="c">AGR</subfield>
  </datafield>
  <datafield tag="999" ind1=" " ind2=" ">
    <subfield code="c">178</subfield>
    <subfield code="d">178</subfield>
  </datafield>
  <datafield tag="952" ind1=" " ind2=" ">
    <subfield code="0">0</subfield>
    <subfield code="1">0</subfield>
    <subfield code="2">ddc</subfield>
    <subfield code="4">0</subfield>
    <subfield code="6">AGR_&#x179F;&#x17C6;_1994_000000000000000_B009_OR_1</subfield>
    <subfield code="7">0</subfield>
    <subfield code="9">718</subfield>
    <subfield code="a">LBB</subfield>
    <subfield code="b">LBB</subfield>
    <subfield code="c">B009</subfield>
    <subfield code="d">2015-09-09</subfield>
    <subfield code="o">AGR &#x179F;&#x17C6; 1994 B009 Or.1</subfield>
    <subfield code="p">RUA004351</subfield>
    <subfield code="r">2015-09-09</subfield>
    <subfield code="w">2015-09-09</subfield>
    <subfield code="y">AGR</subfield>
  </datafield>
  <datafield tag="952" ind1=" " ind2=" ">
    <subfield code="0">0</subfield>
    <subfield code="1">0</subfield>
    <subfield code="2">ddc</subfield>
    <subfield code="4">0</subfield>
    <subfield code="6">AGR_&#x179F;&#x17C6;_1994_000000000000000_B009_OR_2</subfield>
    <subfield code="7">0</subfield>
    <subfield code="9">719</subfield>
    <subfield code="a">LBB</subfield>
    <subfield code="b">LBB</subfield>
    <subfield code="c">B009</subfield>
    <subfield code="d">2015-09-09</subfield>
    <subfield code="o">AGR &#x179F;&#x17C6; 1994 B009 Or.2</subfield>
    <subfield code="p">RUA004423</subfield>
    <subfield code="r">2015-09-09</subfield>
    <subfield code="w">2015-09-09</subfield>
    <subfield code="y">AGR</subfield>
  </datafield>
  <datafield tag="952" ind1=" " ind2=" ">
    <subfield code="0">0</subfield>
    <subfield code="1">0</subfield>
    <subfield code="2">ddc</subfield>
    <subfield code="4">0</subfield>
    <subfield code="6">AGR_&#x179F;&#x17C6;_1994_000000000000000_B009_OR_3</subfield>
    <subfield code="7">0</subfield>
    <subfield code="9">720</subfield>
    <subfield code="a">LBB</subfield>
    <subfield code="b">LBB</subfield>
    <subfield code="c">B009</subfield>
    <subfield code="d">2015-09-09</subfield>
    <subfield code="o">AGR &#x179F;&#x17C6; 1994 B009 Or.3</subfield>
    <subfield code="p">RUA004488</subfield>
    <subfield code="r">2015-09-09</subfield>
    <subfield code="w">2015-09-09</subfield>
    <subfield code="y">AGR</subfield>
  </datafield>
  <datafield tag="952" ind1=" " ind2=" ">
    <subfield code="0">0</subfield>
    <subfield code="1">0</subfield>
    <subfield code="2">ddc</subfield>
    <subfield code="4">0</subfield>
    <subfield code="6">AGR_&#x179F;&#x17C6;_1994_000000000000000_B009_OR_4</subfield>
    <subfield code="7">0</subfield>
    <subfield code="9">721</subfield>
    <subfield code="a">LBB</subfield>
    <subfield code="b">LBB</subfield>
    <subfield code="c">B009</subfield>
    <subfield code="d">2015-09-09</subfield>
    <subfield code="o">AGR &#x179F;&#x17C6; 1994 B009 Or.4</subfield>
    <subfield code="p">RUA004349</subfield>
    <subfield code="r">2015-09-09</subfield>
    <subfield code="w">2015-09-09</subfield>
    <subfield code="y">AGR</subfield>
  </datafield>
  <datafield tag="952" ind1=" " ind2=" ">
    <subfield code="0">0</subfield>
    <subfield code="1">0</subfield>
    <subfield code="2">ddc</subfield>
    <subfield code="4">0</subfield>
    <subfield code="6">AGR_&#x179F;&#x17C6;_1994_000000000000000_B009_OR_5</subfield>
    <subfield code="7">0</subfield>
    <subfield code="9">722</subfield>
    <subfield code="a">LBB</subfield>
    <subfield code="b">LBB</subfield>
    <subfield code="c">B009</subfield>
    <subfield code="d">2015-09-09</subfield>
    <subfield code="o">AGR &#x179F;&#x17C6; 1994 B009 Or.5</subfield>
    <subfield code="p">RUA004421</subfield>
    <subfield code="r">2015-09-09</subfield>
    <subfield code="w">2015-09-09</subfield>
    <subfield code="y">AGR</subfield>
  </datafield>
  <datafield tag="952" ind1=" " ind2=" ">
    <subfield code="0">0</subfield>
    <subfield code="1">0</subfield>
    <subfield code="2">ddc</subfield>
    <subfield code="4">0</subfield>
    <subfield code="6">AGR_&#x179F;&#x17C6;_1994_000000000000000_B009_OR_6</subfield>
    <subfield code="7">0</subfield>
    <subfield code="9">723</subfield>
    <subfield code="a">LBB</subfield>
    <subfield code="b">LBB</subfield>
    <subfield code="c">B009</subfield>
    <subfield code="d">2015-09-09</subfield>
    <subfield code="o">AGR &#x179F;&#x17C6; 1994 B009 Or.6</subfield>
    <subfield code="p">RUA004416</subfield>
    <subfield code="r">2015-09-09</subfield>
    <subfield code="w">2015-09-09</subfield>
    <subfield code="y">AGR</subfield>
  </datafield>
</record>
